| 000 | 00937nam2a22002531 4500 | ||
|---|---|---|---|
| 001 | RU\NLR\INFOCOMM10\5000022532 | ||
| 005 | 20041120154814.8 | ||
| 035 | _a(NLR Aleph) 002351545 | ||
| 090 |
_a4514065 _c4514065 |
||
| 100 | _a20041120d1916 |||y0rusy50 ca | ||
| 101 | 0 | _arus | |
| 102 | _aRU | ||
| 105 | _ay ||||000|y | ||
| 200 | 1 |
_aК вопросу о способах стерилизации семян _fН.И. Клиотт |
|
| 210 | _d1916 | ||
| 461 | 0 |
_1001RU\NLR\INFOCOMM10\5000022320 _12001#$aТруды Сельскохозяйственно-бактириологической лаборатории$fГлав. упр. землеустройства и земледелия. Деп. земледелия$vТ.6, №5 |
|
| 700 | 1 |
_aКлиотт _bН. И. _4070 |
|
| 801 | 0 |
_aRU _bNLR _gPSBO |
|
| 801 | 1 |
_aRU _bInfoComm _c20041120 |
|
| 852 |
_aNLR _j37.29.8.32 |
||
| 942 | _cISSUE | ||
| 980 | _aNB | ||
| 980 | _aRUSPER | ||